Airlines at BOM - Statistics

General Stats
  • This quiz has been taken 35 times
  • The average score is 34 of 54
Answer Stats
Destinations Answer % Correct
INDIAN AIRLINE Air India
90%
London (Heathrow) British Airways
90%
Dubai (International) Emirates
86%
Singapore Singapore Airlines
86%
INDIAN AIRLINE Indigo
81%
Amsterdam KLM
81%
Kuala Lumpur (International) Malaysia Airlines
81%
Doha Qatar Airways
81%
Hanoi, Ho Chi Minh City Vietnam Airlines
81%
Paris (CDG) Air France
76%
Abu Dhabi Etihad Airways
76%
Kuwait City Kuwait Airways
76%
Frankfurt, Munich Lufthansa
76%
Muscat Oman Air
76%
Jeddah, Riyadh Saudia
76%
Sharjah Air Arabia
71%
Almaty Air Astana
71%
London (Heathrow), Toronto (Pearson) Air Canada
71%
Tokyo (Narita) All Nippon Airways
71%
INDIAN AIRLINE Spice Jet
71%
London (Heathrow) Virgin Atlantic
71%
Hong Kong Cathay Pacific
67%
Manama Gulf Air
67%
Tehran (Imam Khomeini) Iran Air
67%
Warsaw (Chopin) LOT Polish
67%
Colombo (Bandaranaike) Sri Lankan Airlines
67%
Zurich Swiss International Airlines
67%
Istanbul (International) Turkish Airlines
67%
Baku Azerbaijan Airlines
62%
Cairo Egyptair
62%
Addis Ababa Ethiopian Airlines
62%
Dubai (International) Flydubai
62%
Amman (Queen Alia) Royal Jordanian
62%
Tashkent Uzbekistan Airways
62%
Port Louis Air Mauritius
57%
Dar Es Salaam Air Tanzania
57%
Al Najaf, Baghdad Iraqi Airways
57%
Kathmandu Nepal Airlines
57%
Copenhagen Scandinavian
57%
Dammam, Jeddah, Riyadh Flynas
52%
Nairobi (Jomo Kenyatta) Kenya Airways
52%
Bangkok (Suvarnabhumi) Lion Air
52%
Kampala Uganda Airlines
52%
Paro Bhutan Airlines
48%
Bangkok (Suvarnabhumi) Thai Airways International
48%
Aden, Sanaa Yemenia
48%
INDIAN AIRLINE Akasa Air
43%
Kuala Lumpur (International) Batik Air
43%
Kuwait City Jazeera Airways
43%
Bangkok (Suvarnabhumi), Hanoi, Ho Chi Minh City, Phuket Vietjet
43%
Muscat Salam Air
29%
Bangkok (Don Mueang) Nok Air
24%
Abu Dhabi Air Arabia Abu Dhabi
19%
INDIAN AIRLINE Star Air
14%
No matching quizzes found
Score Distribution
Percent of People with Each Score
Percentile by Number Answered
Your Score History
You have not taken this quiz